000 00610pam a2200229 i 4500
001 3193118
005 20180202034817.0
008 770803s1978 mau b 001 0 eng
010 _a 77011036
020 _a0674375661
040 _aDLC
_cDLC
_dDLC
041 _aeng
060 _aWM100 H337
080 _a616.89 arm
082 0 0 _a616.89 arm
100 _a48
101 _apsi
245 0 4 _aThe Harvard guide to modern psychiatry /
_cedited by Armand M. Nicholi, Jr.
504 _aIncludes bibliographies and index.
906 _a7
_bcbc
_corignew
_d1
_eocip
_f19
_gy-gencatlg
942 _2ddc
_cBK
999 _c41575
_d41575